LEADER 00466nab a2200133 i 4500 001 000000327648 003 CaOOAMICUS 005 20180831173545.0 008 180831n it uu u0 0ita r 013 $a39236 040 $aSeMil$bita 245 10$aQuesto è il tempo della Misericordia. - In [rubrica] :$bEditoriale. 773 0 $tPapa ai futuri preti.$gp.1$w()290690 996 $6245$aQuesto è il tempo della Misericordia. - In [rubrica] :$bEditoriale.$9(OLS)http://semarc/title/416263 LEADER 01019nam a2200229 i 4500 001 000000196362 003 CaOOAMICUS 005 20110120000000.0 008 110120s1965 it u000 u ita u 013 $a175044 040 $aSeMil$bita 100 1 $aRaffa, Vincenzo,$c.$0(OLS)http://semarc/name/15705 245 10$aCommento alle "Orazioni sulle Offerte" delle domeniche /$cSac. Vincenzo Raffa F. D. P. 260 $aMilano :$bOpera della Regalità di N.S.G.C.,$cstampa 1965. 300 $a321 p. ;$c20 cm. 490 0 $aSussidi liturgico-pastorali ;$v10 650 4$aMessa - Liturgia.$0(OLS)http://semarc/subject/1666 830 0$aSussidi liturgico-pastorali ;$v10.$0(OLS)http://semarc/title/7021 850 $aSeMil 852 $aSeMil$W1$xVenegono$y1$m3K III 254$j146925$B146925$CSeMilBibl$Z2$F158421 $81 996 $6245$aCommento alle "Orazioni sulle Offerte" delle domeniche$9(OLS)http://semarc/title/283506 996 $6260$aMilano :$bOpera della Regalità di N.S.G.C.$9(OLS)http://semarc/publisher/29788